000 00305nam a2200121Ia 4500
008 220216s9999 xx 000 0 und d
100 _aOuseph T.
245 0 _aPlanting assistance cut may hit rubber output
260 _bRubber Asia
_c2000
300 _a38-40
650 _aRubber plantation
942 _cBS
999 _c48340
_d48340